Avicii - Chansons les plus écoutées - Statistiques

Statistiques générales
  • Ce quiz a été pris 21 fois
  • Le résultat moyen est 8 sur 20
Statistiques - réponses
Chanson Vues % Correct
1 Wake Me Up 2 495 398 676
94%
5 Hey Brother 596 427 834
78%
4 Levels 767 877 521
78%
3 The Nights 967 135 760
72%
2 Waiting For Love 1 316 067 312
56%
8 The Days 219 480 774
50%
12 SOS 125 492 411
44%
7 Addicted To You 323 930 586
39%
10 Without You 205 389 656
39%
6 I Could Be The One 370 190 581
33%
16 Heaven 104 343 638
28%
11 You Make Me 178 566 770
28%
17 Broken Arrows 103 451 892
17%
15 For A Better Day 104 697 872
17%
18 Lay Me Down 53 065 540
17%
9 Lonely Together 210 238 276
17%
20 Pure Grinding 34 450 019
17%
14 Silhouettes 114 746 851
17%
19 Feeling Good 45 912 912
11%
13 Seek Bromance 116 924 387
11%
Aucun quiz correspondant
Distribution des résultats
% des personnes avec chaque résultat
Percentile par nombre de réponses
Votre historique - résultats
Vous n’avez pas pris ce quiz